000
00313nam a22001457a 4500
008
230707b ||||| |||| 00| 0 eng d
020
_a
9781285447100
041
_a
eng
080
_a
51
082
_a
51LAR
100
_a
23
101
_a
MATE
245
_a
MATHEMATICAL PRACTICES
_c
LARSON .R
942
_2
udc
_c
BK
999
_c
60112
_d
60112